000 01304nam a2200301 a 4500
001 000033231
003 DO-SdBNP
005 20240229073944.0
008 110823s1988 dr abc 000 0 spa d
040 _aDO-SdBNP
_bspa
_cBNPHU
082 _a338.4766359097293
_bC531ro
100 1 _aChez Checo, José,
_d1949-
_910145
245 1 3 _aEl ron en la historia dominicana :
_bdesde los antecedentes hasta finales del siglo XX /
_cJosé Chez Checo ; presentación Ing. George Arzeno Brugal.
260 _aSanto Domingo :
_bCentenario de Brugal,
_c1988.
300 _a2v. :
_bil., mapas, retrs. ;
_c23 cm.
500 _aLa biblioteca posee v.1
500 _aIncluye datos biográficos del autor en la solapa de la cubierta
500 _aIncluye referencias bibliográficas y notas al pie de las páginas.
504 _aBibliografía : p. 253
505 0 _gv.1.
_tDesde los antecedentes hasta finales del siglo XX
_gv.2.
_tSiglos XX y XXI.
590 _aInventariado, 2019/MFF
650 4 _aRon
_zRepública Dominicana
_ySIGLO XX
_958861
650 4 _aRon
_zRepública Dominicana
_ySIGLO XXI
_958862
650 4 _aIndustria azucarera
_xProductos derivados
_zRepública Dominicana
_xHistoria
_958863
700 1 2 _aArzeno Brugal, George
_958864
910 _aValidado. Control de calidad MFF
942 _2ddc
_cLBS1
999 _c32722
_d32722